| Tag |
First Indicator |
Second Indicator |
Subfields |
| LEADER |
00000cam a2200000 4500 |
| 001 |
in00000095799 |
| 005 |
20150925085710.0 |
| 008 |
700205s1964 gaua b 00010 eng |
| 010 |
|
|
|a 65064700
|
| 035 |
|
|
|a (OCoLC)00053035
|
| 035 |
|
|
|9 AAL2019AM
|
| 040 |
|
|
|a DLC
|c DLC
|d TXA
|d UtOrBLW
|
| 049 |
|
|
|a TXAM
|c 1 [1149961]
|c 2 [1149962]
|c 3 [1149963]
|
| 050 |
0 |
0 |
|a TA7
|b .G4 no. 43
|
| 100 |
1 |
|
|a Walton, J. D.
|
| 245 |
1 |
0 |
|a Slip-cast fused silica /
|c by J. D. Walton and N. E. Poulos.
|
| 264 |
|
1 |
|a Atlanta :
|b Georgia Institute of Technology, Engineering Experiment Station,
|c [1964]
|
| 300 |
|
|
|a ix, 120 :
|b illustrations ;
|c 28 cm.
|
| 336 |
|
|
|a text
|b txt
|2 rdacontent
|
| 337 |
|
|
|a unmediated
|b n
|2 rdamedia
|
| 338 |
|
|
|a volume
|b nc
|2 rdacarrier
|
| 490 |
1 |
|
|a Engineering Experiment Station, Georgia Institute of Technology. Special report no. 43
|
| 504 |
|
|
|a Bibliography: leaves 82-83.
|
| 650 |
|
0 |
|a Silica.
|
| 700 |
1 |
|
|a Poulos, N. E.
|
| 830 |
|
0 |
|a Special report (Georgia Institute of Technology. Engineering Experiment Station) ;
|v no. 43.
|
| 999 |
|
|
|a MARS
|
| 999 |
f |
f |
|s b501e5cf-dce6-3b20-95e7-88b838819217
|i a6f9897a-ad39-3163-ac6e-c51c2e50b846
|t 0
|
| 952 |
f |
f |
|p ric
|a Texas A&M University
|b Rellis Campus
|c Joint Library Facility
|d Remote Storage
|t 0
|e TA7 .G4 no. 43
|h Library of Congress classification
|i unmediated -- volume
|m A14805284826
|
| 952 |
f |
f |
|p ric
|a Texas A&M University
|b Rellis Campus
|c Joint Library Facility
|d Remote Storage
|t 0
|e TA7 .G4 no. 43
|h Library of Congress classification
|i unmediated -- volume
|m A14805284800
|
| 952 |
f |
f |
|p ric
|a Texas A&M University
|b Rellis Campus
|c Joint Library Facility
|d Remote Storage
|t 0
|e TA7 .G4 no. 43
|h Library of Congress classification
|i unmediated -- volume
|m A14805284818
|
| 998 |
f |
f |
|a TA7 .G4 no. 43
|t 0
|l Remote Storage
|
| 998 |
f |
f |
|a TA7 .G4 no. 43
|t 0
|l Remote Storage
|
| 998 |
f |
f |
|a TA7 .G4 no. 43
|t 0
|l Remote Storage
|